[Event "Osijek op 12th"]
[Site "Osijek"]
[Date "2019.02.22"]
[Round "3.19"]
[White "Mravunac, Branko"]
[Black "Ronta, Ivan"]
[Result "0-1"]
[WhiteElo "1983"]
[BlackElo "1711"]
[PlyCount "65"]
[EventDate "2019.02.21"]
[EventType "swiss"]
[EventRounds "7"]
[EventCountry "CRO"]
[SourceTitle "EXT 2023"]
[Source "ChessBase"]
[SourceDate "2022.10.05"]
[SourceVersion "1"]
[SourceVersionDate "2022.10.05"]
[SourceQuality "1"]

1. e4 d5 2. exd5 Nf6 3. Bb5+ Bd7 4. Bxd7+ Qxd7 5. c4 c6 6. dxc6 Nxc6 7. Nf3 e5 8. 0-0 e4 9. Ne1 Rd8 10. Nc2 Bc5 11. Nc3 0-0 12. h3 Rfe8 13. Rb1 a5 14. b3 Ne5 15. Na4 Nf3+ 16. Kh1 Ba7 17. c5 Re5 18. Ne1 Ng5 19. f4 exf3 20. Nxf3 Nxf3 21. Qxf3 Ne4 22. d4 Rf5 23. Bf4 Nd2 24. Bxd2 Rxf3 25. Rxf3 Qxd4 26. Bxa5 Re8 27. Bc3 Qd5 28. Rbf1 Re2 29. Bxg7 Qg5 30. R3f2 Rxf2 31. Rxf2 Kxg7 32. b4 Bb8 33. g4 0-1

[Event "Osijek op 12th"]
[Site "Osijek"]
[Date "2019.02.22"]
[Round "4.29"]
[White "Perci, Franjo"]
[Black "Mravunac, Branko"]
[Result "0-1"]
[WhiteElo "1662"]
[BlackElo "1983"]
[PlyCount "31"]
[EventDate "2019.02.21"]
[EventType "swiss"]
[EventRounds "7"]
[EventCountry "CRO"]
[SourceTitle "EXT 2023"]
[Source "ChessBase"]
[SourceDate "2022.10.05"]
[SourceVersion "1"]
[SourceVersionDate "2022.10.05"]
[SourceQuality "1"]

1. e4 d6 2. Bc4 Nf6 3. Nc3 c6 4. Bb3 b5 5. d3 a5 6. a3 h6 7. Nge2 e5 8. Ng3 Nbd7 9. f4 Nc5 10. Ba2 Bg4 11. Nce2 exf4 12. Bxf4 Nh5 13. 0-0 Ra7 14. Nxh5 Bxh5 15. Qd2 Rd7 16. Ng3 0-1

[Event "Osijek op 12th"]
[Site "Osijek"]
[Date "2019.02.21"]
[Round "1.23"]
[White "Mravunac, Branko"]
[Black "Martinovic, Josip"]
[Result "1-0"]
[WhiteElo "1983"]
[BlackElo "1623"]
[PlyCount "87"]
[EventDate "2019.02.21"]
[EventType "swiss"]
[EventRounds "7"]
[EventCountry "CRO"]
[SourceTitle "EXT 2023"]
[Source "ChessBase"]
[SourceDate "2022.10.05"]
[SourceVersion "1"]
[SourceVersionDate "2022.10.05"]
[SourceQuality "1"]

1. e4 e6 2. d4 d5 3. Bd3 c5 4. exd5 exd5 5. Qe2+ Qe7 6. dxc5 Qxe2+ 7. Nxe2 Bxc5 8. Nbc3 Ne7 9. Bd2 0-0 10. Nf4 Be6 11. Nb5 Na6 12. a3 Bd7 13. b4 Bxb5 14. Bxb5 Nc7 15. Ba4 Bd4 16. c3 Be5 17. Nd3 Bd6 18. 0-0 b5 19. Bb3 Nc6 20. Rfe1 Rfe8 21. Nf4 d4 22. c4 bxc4 23. Bxc4 Ne5 24. Bf1 Ng4 25. h3 Nf6 26. Bd3 Rad8 27. Rac1 Ne6 28. Ne2 Nd5 29. g3 Rc8 30. Rxc8 Rxc8 31. Bf5 Rc4 32. Nc1 Nec7 33. Bd3 Rc6 34. Nb3 Bf8 35. Nxd4 Rd6 36. Nf5 Rd8 37. Bf1 g6 38. Nh6+ Kg7 39. Ng4 Kg8 40. Bg5 Rd6 41. Rc1 Ne6 42. Bf6 Nec7 43. Be5 Ne6 44. Rd1 1-0

[Event "SSOBZ Cup Team 12th"]
[Site "Valpovo"]
[Date "2019.02.17"]
[Round "5.2"]
[White "Mravunac, Branko"]
[Black "Martinovic, Josip"]
[Result "1/2-1/2"]
[WhiteElo "1990"]
[BlackElo "1616"]
[PlyCount "74"]
[EventDate "2019.02.15"]
[EventType "team-swiss"]
[EventRounds "5"]
[EventCountry "CRO"]
[SourceTitle "CBM 189 Extra"]
[Source "ChessBase"]
[SourceDate "2019.05.31"]
[SourceVersion "1"]
[SourceVersionDate "2019.05.31"]
[SourceQuality "1"]
[WhiteTeam "Osijek Dragovoljac"]
[BlackTeam "Valpovo HC"]
[WhiteTeamCountry "CRO"]
[BlackTeamCountry "CRO"]

1. e4 e6 2. f4 d5 3. e5 Bd7 4. Nf3 c5 5. c3 Nc6 6. Bd3 h6 7. Bc2 Qb6 8. d3 Nge7 9. 0-0 d4 10. Nbd2 Nd5 11. Nc4 Qc7 12. cxd4 cxd4 13. Ba4 Bc5 14. a3 a6 15. Bxc6 Bxc6 16. b4 Nc3 17. Qe1 Bxf3 18. Rxf3 b5 19. Nd2 Bb6 20. Bb2 0-0 21. Kh1 Rac8 22. Rc1 Qb7 23. Bxc3 dxc3 24. Ne4 Qd5 25. Rg3 Qd4 26. Rxg7+ Kxg7 27. Qg3+ Kh7 28. Nf6+ Kh8 29. Qh4 Kg7 30. Qg4+ Kh8 31. Qh4 Kg7 32. Nh5+ Kh7 33. Qf6 Rg8 34. Qxf7+ Kh8 35. Qxe6 Rc7 36. Qxh6+ Rh7 37. Qf6+ Rgg7 1/2-1/2

[Event "Osijek op 10th"]
[Site "Osijek"]
[Date "2017.02.25"]
[Round "5"]
[White "Mravunac, Branko"]
[Black "Cajzler, Hinko"]
[Result "0-1"]
[WhiteElo "1970"]
[BlackElo "2086"]
[PlyCount "134"]
[EventDate "2017.02.23"]
[EventType "swiss"]
[EventRounds "7"]
[EventCountry "CRO"]
[SourceTitle "EXT 2019"]
[Source "ChessBase"]
[SourceDate "2018.10.10"]
[SourceVersion "1"]
[SourceVersionDate "2018.10.10"]
[SourceQuality "1"]

1. d4 Nf6 2. c4 c5 3. d5 e6 4. Nc3 exd5 5. cxd5 d6 6. e4 g6 7. f4 Bg7 8. Bb5+ Nfd7 9. Nf3 a6 10. Qa4 0-0 11. 0-0 Nb6 12. Qc2 axb5 13. Nxb5 Bg4 14. a4 Bxf3 15. gxf3 Nc8 16. Bd2 b6 17. Ra2 Nd7 18. Qc4 Qh4 19. b3 Bh6 20. Qc1 Nf6 21. Nc3 Nh5 22. Ne2 Re8 23. b4 Qd8 24. bxc5 bxc5 25. a5 Na7 26. Qc4 Qd7 27. Rb2 Reb8 28. Rfb1 Qc7 29. Rb3 Rxb3 30. Qxb3 Qc8 31. Qb6 Bf8 32. a6 Nf6 33. Qb7 Nd7 34. Kf2 Be7 35. e5 Bh4+ 36. Kg2 dxe5 37. Nc3 exf4 38. Bxf4 Qe8 39. Ne4 f5 40. Nf2 c4 41. Re1 Qc8 42. Re6 Nc5 43. Qxc8+ Nxc8 44. Rc6 Nxa6 45. Rxc4 Nb6 46. Rd4 Bxf2 47. Kxf2 Rd8 48. d6 Nc5 49. Bh6 Kf7 50. Rd1 Nb7 51. Bf4 Nc8 52. h4 Ncxd6 53. Kg2 Rd7 54. h5 g5 55. Be5 f4 56. Rc1 Ke6 57. Ba1 Nf5 58. Re1+ Ne3+ 59. Kh3 Nd6 60. h6 Ndf5 61. Rb1 Nxh6 62. Rb6+ Rd6 63. Rb7 Nf7 64. Bc3 h5 65. Rb5 g4+ 66. Kh4 g3 67. Kxh5 g2 0-1

[Event "Osijek op 10th"]
[Site "Osijek"]
[Date "2017.02.23"]
[Round "1"]
[White "Mravunac, Branko"]
[Black "Dragicevic, Ivica"]
[Result "1-0"]
[WhiteElo "1970"]
[BlackElo "1655"]
[PlyCount "85"]
[EventDate "2017.02.23"]
[EventType "swiss"]
[EventRounds "7"]
[EventCountry "CRO"]
[SourceTitle "EXT 2019"]
[Source "ChessBase"]
[SourceDate "2018.10.10"]
[SourceVersion "1"]
[SourceVersionDate "2018.10.10"]
[SourceQuality "1"]

1. e4 c5 2. f4 d6 3. Bc4 e6 4. Nf3 Nc6 5. c3 Bd7 6. 0-0 Qc7 7. Na3 a6 8. Nc2 Nf6 9. Re1 Be7 10. e5 dxe5 11. Nxe5 0-0 12. Nxd7 Qxd7 13. Ne3 Rad8 14. Qf3 b5 15. Bb3 c4 16. Bc2 Bc5 17. Kh1 Ne7 18. Ng4 Ned5 19. Ne5 Qc7 20. d4 cxd3 21. Nxd3 Bd6 22. Ne5 Ne7 23. Ng4 Ned5 24. Nxf6+ Nxf6 25. g3 Rc8 26. f5 e5 27. Bg5 Qc6 28. Qxc6 Rxc6 29. Bxf6 gxf6 30. Bb3 Rc7 31. Re4 Rd7 32. Rg4+ Kh8 33. a4 Re7 34. axb5 axb5 35. Bd5 Rb8 36. Ra6 e4 37. Rxe4 Be5 38. b3 Rc7 39. c4 bxc4 40. bxc4 Rb1+ 41. Kg2 Rb2+ 42. Kh3 Rb8 43. Rg4 1-0

[Event "Osijek op"]
[Site "Osijek"]
[Date "2015.03.06"]
[Round "3"]
[White "Matko, Ognjen"]
[Black "Mravunac, Branko"]
[Result "1-0"]
[WhiteElo "2308"]
[BlackElo "2049"]
[PlyCount "57"]
[EventDate "2015.03.05"]
[EventType "swiss"]
[EventRounds "7"]
[EventCountry "CRO"]
[SourceTitle "CBM 165 Extra"]
[Source "ChessBase"]
[SourceDate "2015.04.21"]
[SourceVersion "1"]
[SourceVersionDate "2015.04.21"]
[SourceQuality "1"]

1. e4 e5 2. Nf3 d6 3. d4 Bg4 4. dxe5 Bxf3 5. Qxf3 dxe5 6. Bc4 Qe7 7. Nc3 c6 8. Bg5 f6 9. Be3 g6 10. 0-0-0 Bg7 11. Qh3 Nd7 12. Nb5 cxb5 13. Bxb5 Rd8 14. Rxd7 Rxd7 15. Rd1 f5 16. Rxd7 Qxd7 17. Bxd7+ Kxd7 18. exf5 Ke7 19. Bg5+ Bf6 20. Qa3+ Ke8 21. Bxf6 Nxf6 22. Qxa7 Rf8 23. Qb8+ Kf7 24. Qxb7+ Kg8 25. fxg6 hxg6 26. a4 e4 27. a5 Rf7 28. Qc6 Kg7 29. a6 1-0

[Event "Osijek-ch op"]
[Site "Osijek"]
[Date "2014.02.21"]
[Round "3"]
[White "Feletar, Darko"]
[Black "Mravunac, Branko"]
[Result "1-0"]
[WhiteElo "2371"]
[BlackElo "2036"]
[PlyCount "81"]
[EventDate "2014.02.20"]
[EventType "swiss"]
[EventRounds "7"]
[EventCountry "CRO"]
[SourceTitle "CBM 159 Extra"]
[Source "ChessBase"]
[SourceDate "2014.04.24"]
[SourceVersion "1"]
[SourceVersionDate "2014.04.24"]
[SourceQuality "1"]

1. e4 d6 2. d4 Nf6 3. Nc3 Nc6 4. Nf3 Bg4 5. d5 Ne5 6. Nxe5 dxe5 7. f3 Bd7 8. Bc4 a6 9. a4 e6 10. dxe6 Bxe6 11. Bxe6 Qxd1+ 12. Nxd1 fxe6 13. Be3 0-0-0 14. Nf2 Bd6 15. Nd3 b6 16. Ke2 a5 17. c3 Kb7 18. Rhb1 h6 19. b4 axb4 20. cxb4 Nd7 21. a5 Ra8 22. Nc5+ Bxc5 23. bxc5 Ra6 24. cxb6 cxb6 25. axb6 Rxa1 26. Rxa1 Ra8 27. Ra7+ Rxa7 28. bxa7 Nf6 29. Kd3 Ne8 30. Kc4 Nd6+ 31. Kc5 Nc8 32. a8Q+ Kxa8 33. Kc6 Ne7+ 34. Kd6 Ng6 35. g3 Kb7 36. Kxe6 Nh8 37. Bc5 h5 38. Bf8 g5 39. Kf6 g4 40. fxg4 hxg4 41. Bg7 1-0

[Event "Osijek-ch op"]
[Site "Osijek"]
[Date "2014.02.20"]
[Round "2"]
[White "Mravunac, Branko"]
[Black "Bender, Ivan"]
[Result "1/2-1/2"]
[WhiteElo "2036"]
[BlackElo "2236"]
[PlyCount "162"]
[EventDate "2014.02.20"]
[EventType "swiss"]
[EventRounds "7"]
[EventCountry "CRO"]
[SourceTitle "CBM 159 Extra"]
[Source "ChessBase"]
[SourceDate "2014.04.24"]
[SourceVersion "1"]
[SourceVersionDate "2014.04.24"]
[SourceQuality "1"]

1. e4 e5 2. Nf3 Nc6 3. Bb5 Nf6 4. d3 Bc5 5. 0-0 Nd4 6. Nxd4 Bxd4 7. c3 Bb6 8. Bg5 h6 9. Bh4 c6 10. Ba4 d6 11. h3 Qe7 12. Nd2 g5 13. Bg3 h5 14. Nc4 h4 15. Bh2 g4 16. Nxb6 axb6 17. hxg4 Nxg4 18. Bc2 Bd7 19. Qd2 0-0-0 20. f4 f6 21. Bd1 Rdg8 22. Bxg4 Rxg4 23. fxe5 fxe5 24. Rf2 h3 25. g3 Rhg8 26. Rf3 d5 27. exd5 cxd5 28. Re1 Qd6 29. Ref1 R4g6 30. Qf2 Bg4 31. Rf8+ Rxf8 32. Qxf8+ Qxf8 33. Rxf8+ Kd7 34. Kf1 Ke7 35. Rf2 e4 36. dxe4 dxe4 37. Rf4 Bf3 38. Rh4 Rd6 39. Rh7+ Kf8 40. g4 Rd1+ 41. Kf2 Bxg4 42. Bf4 Rb1 43. Kg3 Rg1+ 44. Kh4 Bf5 45. Bd6+ Kg8 46. Rxb7 e3 47. Re7 Rg4+ 48. Kxh3 Rd4+ 49. Kg3 Rxd6 50. Rxe3 Kf7 51. Re2 Be6 52. Rf2+ Ke7 53. b3 Kd7 54. c4 Kc6 55. Kf4 Bg8 56. Ke3 Bh7 57. Rd2 Re6+ 58. Kd4 Re4+ 59. Kc3 Bg8 60. Rg2 Be6 61. a4 Re5 62. Rg3 Kd6 63. Rd3+ Kc5 64. Rf3 Bf5 65. Rg3 Re2 66. b4+ Kd6 67. Rf3 Ke6 68. a5 bxa5 69. bxa5 Be4 70. Rh3 Kd6 71. Rh6+ Kd7 72. Kd4 Bc6 73. Kc5 Bf3 74. a6 Kc7 75. Rh7+ Kb8 76. Rf7 Bg2 77. Rg7 Rf2 78. Kb6 Rf6+ 79. Kb5 Bf1 80. Rg8+ Ka7 81. Rg7+ Kb8 1/2-1/2

[Event "CRO-chT2 East"]
[Site "Osijek"]
[Date "2013.10.12"]
[Round "7.64"]
[White "Mravunac, Branko"]
[Black "Radmanovic, Danijel"]
[Result "1-0"]
[WhiteElo "2065"]
[BlackElo "1994"]
[PlyCount "67"]
[EventDate "2013.04.20"]
[EventType "team-tourn"]
[EventRounds "11"]
[EventCountry "CRO"]
[SourceTitle "EXT 2023"]
[Source "ChessBase"]
[SourceDate "2022.10.05"]
[SourceVersion "1"]
[SourceVersionDate "2022.10.05"]
[SourceQuality "1"]

1. e4 e6 2. f4 d5 3. e5 c5 4. Nf3 Nc6 5. c3 Nh6 6. d3 Be7 7. Be3 0-0 8. g3 d4 9. Bf2 f6 10. cxd4 cxd4 11. exf6 Bxf6 12. Bg2 Ng4 13. 0-0 Qb6 14. Qe2 Bd7 15. Na3 Rae8 16. Nc4 Qc5 17. Nfd2 Nxf2 18. Rxf2 e5 19. Ne4 Qb4 20. a3 Qe7 21. Ncd6 exf4 22. Nxe8 Rxe8 23. Rxf4 Bg5 24. Rff1 Be3+ 25. Kh1 Ne5 26. Qc2 Rc8 27. Qb3+ Be6 28. Qb4 Qxb4 29. axb4 Nxd3 30. Rxa7 Nxb2 31. Rxb7 d3 32. Re7 Bb3 33. Nd6 Rd8 34. Rxe3 1-0

[Event "Osijek Baranja CupT 6th"]
[Site "Osijek"]
[Date "2013.03.09"]
[Round "3.4"]
[White "Lovakovic, Franjo"]
[Black "Mravunac, Branko"]
[Result "0-1"]
[WhiteElo "1915"]
[BlackElo "2046"]
[PlyCount "40"]
[EventDate "2013.03.08"]
[EventType "team-tourn"]
[EventRounds "5"]
[EventCountry "CRO"]
[SourceTitle "EXT 2014"]
[Source "ChessBase"]
[SourceDate "2013.11.20"]
[SourceVersion "1"]
[SourceVersionDate "2013.11.20"]
[SourceQuality "1"]

1. e4 d6 2. d4 Nf6 3. Bd3 Nc6 4. c3 e5 5. dxe5 Nxe5 6. Bc2 c6 7. Ne2 Bg4 8. f3 Bh5 9. Ng3 h6 10. 0-0 Qb6+ 11. Kh1 Bg6 12. Qe2 h5 13. f4 Neg4 14. h3 0-0-0 15. f5 h4 16. fxg6 hxg3 17. e5 Nf2+ 18. Rxf2 Qxf2 19. Bd3 Rxh3+ 20. gxh3 g2+ 0-1

[Event "Osijek op"]
[Site "Osijek"]
[Date "2013.02.22"]
[Round "3.19"]
[White "Lucan, Darko"]
[Black "Mravunac, Branko"]
[Result "0-1"]
[WhiteElo "1933"]
[BlackElo "2065"]
[PlyCount "104"]
[EventDate "2013.02.21"]
[EventType "swiss"]
[EventRounds "7"]
[EventCountry "CRO"]
[SourceTitle "EXT 2014"]
[Source "ChessBase"]
[SourceDate "2013.11.20"]
[SourceVersion "1"]
[SourceVersionDate "2013.11.20"]
[SourceQuality "1"]

1. e4 e5 2. Nf3 Nc6 3. Bc4 Be7 4. c3 Nf6 5. Ng5 0-0 6. Nxf7 Rxf7 7. Bxf7+ Kxf7 8. d3 d5 9. Bg5 dxe4 10. Bxf6 Bxf6 11. Qb3+ Kf8 12. dxe4 Qd3 13. Nd2 Bg5 14. 0-0-0 Qxe4 15. f4 Bxf4 16. g3 Bxd2+ 17. Kxd2 Bf5 18. Kc1 Qb1+ 19. Kd2 Rd8+ 20. Ke3 Qe4+ 21. Kf2 Rxd1 22. Rxd1 Bg4 23. Rd2 Qh1 24. Qd5 Qxh2+ 25. Qg2 Qxg2+ 26. Kxg2 Ke7 27. Kf2 h5 28. Ke3 g6 29. Rf2 Bf5 30. Rh2 Kf6 31. b4 a6 32. a3 b5 33. a4 Kg5 34. Rh4 e4 35. Rf4 Ne5 36. Kd4 Nd3 37. Rh4 Kf6 38. Rh2 Ke6 39. Ra2 c6 40. axb5 axb5 41. Ra6 Kd6 42. Ra2 Ne5 43. Ra8 Nc4 44. Rd8+ Ke7 45. Ra8 e3 46. Ra7+ Kf6 47. Ra1 e2 48. Kc5 Ne5 49. Kd6 Nf3 50. Kxc6 Bd3 51. Kd5 e1Q 52. Rxe1 Nxe1 0-1

[Event "Osijek op"]
[Site "Osijek"]
[Date "2013.02.22"]
[Round "4.8"]
[White "Mravunac, Branko"]
[Black "Miletic, Josip"]
[Result "0-1"]
[WhiteElo "2065"]
[BlackElo "2213"]
[PlyCount "75"]
[EventDate "2013.02.21"]
[EventType "swiss"]
[EventRounds "7"]
[EventCountry "CRO"]
[SourceTitle "EXT 2014"]
[Source "ChessBase"]
[SourceDate "2013.11.20"]
[SourceVersion "1"]
[SourceVersionDate "2013.11.20"]
[SourceQuality "1"]

1. e4 d6 2. d4 Nf6 3. f3 Nbd7 4. Be3 e5 5. d5 c6 6. Nc3 Qa5 7. a3 Be7 8. b4 Qc7 9. Qd2 a5 10. b5 cxd5 11. exd5 Nb6 12. Bxb6 Qxb6 13. Na4 Qd8 14. c4 Bf5 15. Qe3 Nd7 16. g3 0-0 17. h4 Bf6 18. 0-0-0 Rc8 19. g4 Bg6 20. g5 Be7 21. Nb2 h6 22. Nh3 Nc5 23. Rg1 a4 24. Re1 Qd7 25. Nf2 Qf5 26. Ne4 Bd8 27. Rg3 Bb6 28. Kd1 Nxe4 29. fxe4 Bxe3 30. exf5 Bf2 31. Rc3 Bxe1 32. Kxe1 Bxf5 33. Nxa4 Kh7 34. Nb6 Rc7 35. a4 Kg6 36. Rg3 Rh8 37. a5 Rh7 38. Ra3 0-1

[Event "Osijek op"]
[Site "Osijek"]
[Date "2013.02.21"]
[Round "1.29"]
[White "Skocibusic, Davor"]
[Black "Mravunac, Branko"]
[Result "0-1"]
[WhiteElo "1669"]
[BlackElo "2065"]
[PlyCount "54"]
[EventDate "2013.02.21"]
[EventType "swiss"]
[EventRounds "7"]
[EventCountry "CRO"]
[SourceTitle "EXT 2014"]
[Source "ChessBase"]
[SourceDate "2013.11.20"]
[SourceVersion "1"]
[SourceVersionDate "2013.11.20"]
[SourceQuality "1"]

1. e4 e5 2. Nf3 Nc6 3. Bc4 Be7 4. 0-0 d6 5. h3 Nf6 6. Nc3 Na5 7. Be2 c5 8. d3 a6 9. Bg5 Be6 10. Bxf6 Bxf6 11. Nd5 Nc6 12. Nxf6+ Qxf6 13. Nh2 g6 14. Bg4 h5 15. Bxe6 Qxe6 16. f4 exf4 17. Rxf4 Qe5 18. Qf3 Nd4 19. Qf2 Qxf4 20. Nf3 Nxf3+ 21. gxf3 h4 22. e5 dxe5 23. Qxc5 Qg3+ 24. Kf1 Qxf3+ 25. Ke1 Rh5 26. Kd2 e4 27. Qc7 Qf2+ 0-1

[Event "Osijek-ch op"]
[Site "Osijek"]
[Date "2012.02.24"]
[Round "3"]
[White "Krsticevic, Sinisa"]
[Black "Mravunac, Branko"]
[Result "0-1"]
[WhiteElo "1874"]
[BlackElo "2058"]
[PlyCount "54"]
[EventDate "2012.02.23"]
[EventType "swiss"]
[EventRounds "7"]
[EventCountry "CRO"]
[SourceTitle "EXT 2013"]
[Source "ChessBase"]
[SourceDate "2012.11.22"]
[SourceVersion "1"]
[SourceVersionDate "2012.11.22"]
[SourceQuality "1"]

1. e4 e5 2. d4 exd4 3. c3 dxc3 4. Bc4 c2 5. Qxc2 Bb4+ 6. Nc3 Nc6 7. Nf3 d6 8. Bg5 f6 9. Bh4 Nge7 10. 0-0-0 Bxc3 11. Qxc3 Ng6 12. e5 Nxh4 13. exd6 Nxf3 14. gxf3 cxd6 15. Qa3 Ne5 16. Rhe1 Qc7 17. b3 b5 18. f4 bxc4 19. Kb2 0-0 20. fxe5 c3+ 21. Kc1 dxe5 22. Rd3 e4 23. Rg3 Qf4+ 24. Kb1 Qd2 25. Rxg7+ Kxg7 26. Qe7+ Rf7 27. Rg1+ Kh6 0-1

[Event "Osijek-ch op"]
[Site "Osijek"]
[Date "2012.02.23"]
[Round "2"]
[White "Mravunac, Branko"]
[Black "Medak, Bojan"]
[Result "0-1"]
[WhiteElo "2058"]
[BlackElo "2376"]
[PlyCount "96"]
[EventDate "2012.02.23"]
[EventType "swiss"]
[EventRounds "7"]
[EventCountry "CRO"]
[SourceTitle "EXT 2013"]
[Source "ChessBase"]
[SourceDate "2012.11.22"]
[SourceVersion "1"]
[SourceVersionDate "2012.11.22"]
[SourceQuality "1"]

1. e4 d6 2. d4 Nf6 3. Nc3 g6 4. Nf3 Bg7 5. Bg5 h6 6. Bxf6 Bxf6 7. e5 Bg7 8. exd6 cxd6 9. Bb5+ Nd7 10. 0-0 0-0 11. Re1 a6 12. Bc4 e6 13. a4 b6 14. Qd3 Bb7 15. Rad1 Nf6 16. Ba2 Qd7 17. Nh4 g5 18. Nf3 Rfe8 19. h3 Nh5 20. Ne2 Qxa4 21. Bb3 Qd7 22. g4 Nf6 23. Ng3 Qc6 24. Re3 b5 25. c3 Nd5 26. Bxd5 Qxd5 27. Nh5 a5 28. Kh2 a4 29. h4 a3 30. bxa3 Rxa3 31. Rb1 Bc6 32. Kg3 Qc4 33. Qxc4 gxh4+ 34. Kxh4 bxc4 35. Nxg7 Kxg7 36. Rb6 Rc8 37. g5 hxg5+ 38. Nxg5 Ra1 39. Rg3 Kf6 40. Kg4 Rf1 41. Rh3 Ke7 42. Rh2 Rg1+ 43. Kf4 e5+ 44. dxe5 dxe5+ 45. Kxe5 Rxg5+ 46. Kf4 Rg6 47. Ke5 Rd8 48. Kf4 Rf6+ 0-1

[Event "Osijek-ch op"]
[Site "Osijek"]
[Date "2011.02.25"]
[Round "4"]
[White "Mravunac, Branko"]
[Black "Marinkovic, Miroslav"]
[Result "1-0"]
[WhiteElo "2082"]
[BlackElo "1763"]
[PlyCount "87"]
[EventDate "2011.02.24"]
[EventType "swiss"]
[EventRounds "7"]
[EventCountry "CRO"]
[SourceTitle "EXT 2012"]
[Source "ChessBase"]
[SourceDate "2011.11.24"]
[SourceVersion "1"]
[SourceVersionDate "2011.11.24"]
[SourceQuality "1"]

1. e4 e6 2. f4 d5 3. e5 c5 4. Nf3 Qb6 5. c4 d4 6. Bd3 Ne7 7. 0-0 h6 8. Be4 Bd7 9. d3 Bc6 10. Nbd2 Bxe4 11. Nxe4 Nf5 12. g4 Ne3 13. Bxe3 dxe3 14. Qe2 Nc6 15. Qxe3 Rd8 16. Qe2 Nb4 17. Rfd1 Qc7 18. a3 Nc6 19. Rac1 Be7 20. Qf2 b6 21. Kg2 Rd7 22. h4 Kd8 23. d4 cxd4 24. b4 d3 25. Rc3 Kc8 26. Rcxd3 Rhd8 27. Rxd7 Rxd7 28. Rxd7 Qxd7 29. Qd2 Qxd2+ 30. Nexd2 f6 31. h5 Nd8 32. Ne4 a5 33. bxa5 bxa5 34. c5 f5 35. gxf5 exf5 36. Nd6+ Kd7 37. Nd4 Bxd6 38. cxd6 Nb7 39. Nxf5 Nc5 40. Nxg7 Nd3 41. Kf3 a4 42. Ke4 Nb4 43. f5 Nc2 44. f6 1-0

[Event "Osijek-ch op"]
[Site "Osijek"]
[Date "2011.02.24"]
[Round "2"]
[White "Mravunac, Branko"]
[Black "Medak, Bojan"]
[Result "0-1"]
[WhiteElo "2082"]
[BlackElo "2367"]
[PlyCount "52"]
[EventDate "2011.02.24"]
[EventType "swiss"]
[EventRounds "7"]
[EventCountry "CRO"]
[SourceTitle "EXT 2012"]
[Source "ChessBase"]
[SourceDate "2011.11.24"]
[SourceVersion "1"]
[SourceVersionDate "2011.11.24"]
[SourceQuality "1"]

1. e4 d6 2. d4 Nf6 3. Bd3 e5 4. c3 d5 5. dxe5 Nxe4 6. Bxe4 dxe4 7. Qxd8+ Kxd8 8. Bf4 Nd7 9. Ne2 Nc5 10. 0-0 Bg4 11. Ng3 Nd3 12. Bg5+ Kc8 13. h3 Bd7 14. Nxe4 Nxe5 15. Rd1 h6 16. Bf4 Ng6 17. Be3 b6 18. f4 Bc6 19. Nbd2 Kb7 20. f5 Nh4 21. Rf1 Re8 22. Rf4 g5 23. Rxh4 gxh4 24. Re1 h5 25. Bf2 Bh6 26. Bxh4 Bxd2 0-1

[Event "Osijek op"]
[Site "Osijek"]
[Date "2010.01.30"]
[Round "8"]
[White "Leventic, Ivan"]
[Black "Mravunac, Branko"]
[Result "1-0"]
[WhiteElo "2497"]
[BlackElo "2072"]
[PlyCount "95"]
[EventDate "2010.01.23"]
[EventType "swiss"]
[EventRounds "9"]
[EventCountry "CRO"]
[SourceTitle "CBM 134 Extra"]
[Source "ChessBase"]
[SourceDate "2010.03.03"]
[SourceVersion "1"]
[SourceVersionDate "2010.03.03"]
[SourceQuality "1"]

1. e4 d6 2. d4 Nf6 3. Nc3 c6 4. f4 e6 5. Bd3 e5 6. Nf3 exd4 7. Nxd4 Qb6 8. Nf3 Bg4 9. h3 Bxf3 10. Qxf3 Nbd7 11. Bd2 h5 12. 0-0-0 Qc7 13. Rhe1 0-0-0 14. Be3 Nc5 15. Bc4 b5 16. Bxc5 bxc4 17. Bd4 Nd7 18. Qe2 c5 19. Nd5 Qb7 20. Qxc4 Nb6 21. Nxb6+ axb6 22. Bf2 b5 23. Qb3 h4 24. a4 bxa4 25. Qxa4 Rh5 26. Rd3 Rd7 27. Rb3 Qa7 28. Qc6+ Kd8 29. Ra3 Qb7 30. Ra8+ Ke7 31. Qxb7 Rxb7 32. e5 f6 33. exf6+ Kf7 34. Ree8 Rh8 35. Bxh4 Rxh4 36. Rxf8+ Kg6 37. fxg7 Kxg7 38. Rg8+ Kf6 39. Raf8+ Ke6 40. Rh8 Rhh7 41. Rxh7 Rxh7 42. Kd2 Rg7 43. g4 Rh7 44. Re8+ Kd5 45. Re3 c4 46. f5 Rg7 47. f6 Rg6 48. Rf3 1-0

[Event "Osijek OBZ Cup 2nd"]
[Site "Osijek"]
[Date "2009.03.13"]
[Round "1.4"]
[White "Bokun, Josip"]
[Black "Mravunac, Branko"]
[Result "0-1"]
[WhiteElo "1772"]
[BlackElo "2045"]
[PlyCount "86"]
[EventDate "2009.03.13"]
[EventType "team-tourn"]
[EventRounds "5"]
[EventCountry "CRO"]
[SourceTitle "EXT 2011"]
[Source "ChessBase"]
[SourceDate "2010.11.26"]
[SourceVersion "1"]
[SourceVersionDate "2010.11.26"]
[SourceQuality "1"]

1. d4 Nf6 2. c4 e6 3. Nf3 b6 4. Nc3 Bb7 5. e3 Bb4 6. a3 Bxc3+ 7. bxc3 d6 8. Be2 Nbd7 9. 0-0 0-0 10. h3 Ne4 11. Qc2 f5 12. Nd2 Nxd2 13. Bxd2 Qg5 14. f3 e5 15. d5 Nc5 16. f4 Qe7 17. Bd3 e4 18. Be2 a5 19. g3 Bc8 20. Rf2 Bd7 21. Rg2 Ba4 22. Qb1 Bb3 23. g4 Kh8 24. g5 Qf7 25. Qe1 Nd3 26. Qh4 g6 27. Qg3 Bxc4 28. h4 Kg7 29. h5 Rh8 30. Rh2 Rag8 31. Kg2 Qxd5 32. Rah1 Nxf4+ 33. Qxf4 Bxe2 34. Be1 Bf3+ 35. Kf2 Bxh1 36. Rxh1 Qd1 37. h6+ Kf7 38. Rh3 Re8 39. Qh2 Re5 40. Kf1 Rd5 41. Qa2 Ke7 42. Rh2 Qd3+ 43. Re2 Rc5 0-1